[Event "Capablanca mem Premier I"]
[Site "La Habana CUB"]
[Date "2005.05.08"]
[Round "3.1"]
[White "Ortega, Mariano"]
[Black "Perez, Luis Manuel"]
[Result "1/2-1/2"]
[WhiteElo "2411"]
[BlackElo "2420"]
[PlyCount "34"]
[EventDate "2005.05.06"]
[EventType "tourn"]
[EventRounds "1"]
[EventCountry "CUB"]
[EventCategory "8"]
[Source "lmi"]
[SourceDate "2005.05.22"]

1. d4 d5 2. c4 c6 3. Nf3 Nf6 4. e3 a6 5. Bd3 Bg4 6. Nbd2 e6 7. O-O Nbd7 8. b3
Bd6 9. Bb2 Qb8 10. h3 Bh5 11. Qc2 O-O 12. Rfe1 Re8 13. a3 Bg6 14. Bxg6 hxg6 15.
e4 Nxe4 16. Nxe4 dxe4 17. Rxe4 Nf6 1/2-1/2

[Event "Capablanca mem Premier I"]
[Site "La Habana CUB"]
[Date "2005.05.08"]
[Round "3.2"]
[White "Gonzalez, Yuri"]
[Black "Flores, Diego"]
[Result "1/2-1/2"]
[WhiteElo "2482"]
[BlackElo "2491"]
[PlyCount "76"]
[EventDate "2005.05.06"]
[EventType "tourn"]
[EventRounds "1"]
[EventCountry "CUB"]
[EventCategory "8"]
[Source "lmi"]
[SourceDate "2005.05.22"]

1. d4 Nf6 2. c4 g6 3. Nc3 Bg7 4. e4 O-O 5. Nf3 d6 6. Be2 Bg4 7. Be3 Nfd7 8. h3
Bxf3 9. Bxf3 Nc6 10. Ne2 Na5 11. Rc1 c5 12. O-O Nc6 13. Qd2 cxd4 14. Nxd4 Nxd4
15. Bxd4 Bxd4 16. Qxd4 Ne5 17. c5 Nxf3+ 18. gxf3 e5 19. Qe3 d5 20. f4 d4 21.
Qg3 exf4 22. Qxf4 Qe7 23. Rfd1 Rad8 24. Rc4 d3 25. Qe3 Qe5 26. b3 Qb2 27. Qd2
Qf6 28. Qe3 Rfe8 29. Rxd3 Rxd3 30. Qxd3 Rd8 31. e5 Qg5+ 32. Qg3 Rd1+ 33. Kh2
Qf5 34. Qf4 Qb1 35. Qf3 Rd3 36. Qe2 Rd1 37. Qf3 Rd3 38. Qe2 Rd1 1/2-1/2

[Event "Capablanca mem Premier I"]
[Site "La Habana CUB"]
[Date "2005.05.08"]
[Round "3.3"]
[White "Fernandez Romero, Ernesto"]
[Black "Vera, Reynaldo"]
[Result "1/2-1/2"]
[WhiteElo "2449"]
[BlackElo "2507"]
[PlyCount "72"]
[EventDate "2005.05.06"]
[EventType "tourn"]
[EventRounds "1"]
[EventCountry "CUB"]
[EventCategory "8"]
[Source "lmi"]
[SourceDate "2005.05.22"]

1. e4 c5 2. Ne2 a6 3. g3 d5 4. Bg2 dxe4 5. Nbc3 f5 6. d3 exd3 7. cxd3 Nf6 8.
O-O Nc6 9. Re1 e5 10. f4 Be7 11. fxe5 Ng4 12. Bxc6+ bxc6 13. Kg2 Nxe5 14. Nf4
Nf7 15. Qe2 Ra7 16. Ne6 Bxe6 17. Qxe6 Qd7 18. Qc4 O-O 19. Bf4 Rb7 20. b3 g5 21.
Bd2 f4 22. Ne4 Rd8 23. gxf4 Qg4+ 24. Ng3 gxf4 25. Qxf4 Qg6 26. Qe4 Rxd3 27. Bf4
c4 28. Qxg6+ hxg6 29. bxc4 g5 30. Be3 Rb2+ 31. Kh1 Bb4 32. Reb1 Rxb1+ 33. Rxb1
a5 34. Rb3 Rd1+ 35. Kg2 Ra1 36. Rb2 Re1 1/2-1/2

[Event "Capablanca mem Premier I"]
[Site "La Habana CUB"]
[Date "2005.05.08"]
[Round "3.4"]
[White "Garcia Martinez, Silvino"]
[Black "De la Paz, Frank"]
[Result "1/2-1/2"]
[WhiteElo "2351"]
[BlackElo "2461"]
[PlyCount "108"]
[EventDate "2005.05.06"]
[EventType "tourn"]
[EventRounds "1"]
[EventCountry "CUB"]
[EventCategory "8"]
[Source "lmi"]
[SourceDate "2005.05.22"]

1. e4 e5 2. Nf3 d6 3. d4 exd4 4. Nxd4 Nf6 5. Nc3 Be7 6. Be2 O-O 7. O-O Re8 8.
Bc4 c6 9. a4 Bf8 10. f3 a5 11. Kh1 Nbd7 12. Bg5 h6 13. Bh4 Ne5 14. Bb3 Ng6 15.
Bf2 Nd7 16. Qd2 Nge5 17. Rad1 Nc5 18. Ba2 Qb6 19. Qc1 Qb4 20. Nde2 Nxa4 21.
Nxa4 Qxa4 22. Nc3 Qb4 23. Rd4 Qb6 24. Rxd6 Qc7 25. Rdd1 b5 26. Ne2 b4 27. Nd4
a4 28. Bg3 Bc5 29. Rfe1 Ba6 30. Nf5 Rab8 31. h3 Bf8 32. Ne3 b3 33. cxb3 axb3
34. Bb1 Rb4 35. Nd5 Qa7 36. Nxb4 Bxb4 37. Qe3 Qe7 38. Qxb3 Bxe1 39. Rxe1 Nc4
40. Qc3 Ne5 41. Rd1 Bb5 42. Bc2 Ng6 43. f4 Nf8 44. e5 Nd7 45. Rd6 Nb6 46. f5
Nd5 47. Qd2 Qa7 48. f6 Qe3 49. Qxe3 Nxe3 50. Bd3 Bxd3 51. Rxd3 Nc4 52. Rc3 Nxb2
53. Rxc6 Nd3 54. fxg7 Kxg7 1/2-1/2

[Event "Capablanca mem Premier I"]
[Site "La Habana CUB"]
[Date "2005.05.08"]
[Round "3.5"]
[White "Zambrana, Oswaldo"]
[Black "Perez, Rodney"]
[Result "1/2-1/2"]
[WhiteElo "2472"]
[BlackElo "2437"]
[PlyCount "23"]
[EventDate "2005.05.06"]
[EventType "tourn"]
[EventRounds "1"]
[EventCountry "CUB"]
[EventCategory "8"]
[Source "lmi"]
[SourceDate "2005.05.22"]

1. e4 e6 2. d4 d5 3. Nd2 dxe4 4. Nxe4 Nd7 5. g3 Be7 6. Bg2 Ngf6 7. Nxf6+ Bxf6
8. Nf3 O-O 9. O-O e5 10. Be3 exd4 11. Bxd4 c5 12. Bxf6 1/2-1/2

[Event "Capablanca mem Premier I"]
[Site "La Habana CUB"]
[Date "2005.05.08"]
[Round "3.6"]
[White "Kallio, Heikki"]
[Black "Mosquera, Miguel"]
[Result "0-1"]
[WhiteElo "2469"]
[BlackElo "2434"]
[PlyCount "108"]
[EventDate "2005.05.06"]
[EventType "tourn"]
[EventRounds "1"]
[EventCountry "CUB"]
[EventCategory "8"]
[Source "lmi"]
[SourceDate "2005.05.22"]

1. e4 c5 2. Nf3 d6 3. b4 cxb4 4. d4 Nf6 5. Bd3 g6 6. a3 bxa3 7. O-O Bg7 8. Rxa3
O-O 9. Bg5 Nc6 10. c3 d5 11. e5 Ne4 12. Bh4 f6 13. c4 Nb4 14. Be2 g5 15. exf6
exf6 16. Bg3 Be6 17. Nbd2 Nxg3 18. hxg3 dxc4 19. Bxc4 Bxc4 20. Nxc4 Nd5 21. Ne3
Nxe3 22. Rxe3 Qd5 23. Re7 b5 24. Rfe1 Rf7 25. Qc2 b4 26. Nd2 Bf8 27. Rxf7 Qxf7
28. d5 Qxd5 29. Ne4 Bg7 30. Rd1 b3 31. Qe2 Qe6 32. Qf3 Rb8 33. Nc5 Qf7 34. g4
b2 35. Qd3 Qa2 36. Rb1 f5 37. gxf5 Rc8 38. Nb3 a5 39. g3 a4 40. Nd2 Qf7 41. Kg2
Qb7+ 42. f3 g4 43. f6 gxf3+ 44. Kh2 Bxf6 45. Ne4 Qg7 46. Kh3 Be5 47. Qd5+ Kh8
48. Qe6 Rf8 49. Rf1 a3 50. Kh2 a2 51. Qxa2 Qh6+ 52. Kg1 Bd4+ 53. Nf2 Qh3 54.
Qa1 Qg2# 0-1

[Event "Capablanca mem Premier I"]
[Site "La Habana CUB"]
[Date "2005.05.08"]
[Round "3.7"]
[White "Abreu, Aryam"]
[Black "Soppe, Guillermo"]
[Result "1-0"]
[WhiteElo "2440"]
[BlackElo "2453"]
[PlyCount "69"]
[EventDate "2005.05.06"]
[EventType "tourn"]
[EventRounds "1"]
[EventCountry "CUB"]
[EventCategory "8"]
[Source "lmi"]
[SourceDate "2005.05.22"]

1. e4 Nf6 2. e5 Nd5 3. d4 d6 4. c4 Nb6 5. f4 c5 6. dxc5 N6d7 7. cxd6 exd6 8.
exd6 Nf6 9. Qe2+ Be6 10. f5 Qa5+ 11. Nc3 Qxf5 12. Nb5 Nc6 13. Nf3 O-O-O 14.
Nfd4 Nxd4 15. Nxd4 Qc5 16. Nxe6 fxe6 17. Bd2 Bxd6 18. O-O-O Be5 19. Re1 Bd4 20.
b4 Qc7 21. Qxe6+ Kb8 22. g3 Bb2+ 23. Kc2 Rxd2+ 24. Kxd2 Qd8+ 25. Bd3 Qd4 26.
Qf5 Qc3+ 27. Ke2 Re8+ 28. Kf2 Qd2+ 29. Be2 Bd4+ 30. Kf1 Re4 31. Qf3 Re3 32.
Qf4+ Be5 33. Qf2 Re4 34. Bf3 Qd3+ 35. Kg2 1-0

[Event "Capablanca mem Premier I"]
[Site "La Habana CUB"]
[Date "2005.05.09"]
[Round "4.1"]
[White "Perez, Luis Manuel"]
[Black "Soppe, Guillermo"]
[Result "1-0"]
[WhiteElo "2420"]
[BlackElo "2453"]
[PlyCount "96"]
[EventDate "2005.05.06"]
[EventType "tourn"]
[EventRounds "1"]
[EventCountry "CUB"]
[EventCategory "8"]
[Source "lmi"]
[SourceDate "2005.05.22"]

1. e4 Nf6 2. e5 Nd5 3. d4 d6 4. c4 Nb6 5. exd6 cxd6 6. Nc3 g6 7. Be3 Bg7 8. Rc1
O-O 9. b3 e5 10. dxe5 dxe5 11. c5 N6d7 12. Bc4 Qa5 13. Nge2 Nc6 14. O-O Nxc5
15. b4 Qxb4 16. Nd5 Qa5 17. Bxc5 Qxc5 18. Nc7 Qe7 19. Nxa8 Bg4 20. f3 Bf5 21.
g4 Be6 22. Bxe6 fxe6 23. Qd3 Rxa8 24. Qe4 Rf8 25. Kg2 Nb4 26. Nc3 Bh6 27. Rb1
Nc6 28. Ne2 Rf7 29. Rb3 Bg7 30. Rfb1 Na5 31. Rd3 Nc6 32. Rbd1 Nd4 33. Nxd4 exd4
34. Re1 e5 35. Rxd4 Qa3 36. Rd8+ Bf8 37. Re2 Qe7 38. Qd5 Qc7 39. Rd2 e4 40.
Qxe4 Qc3 41. R8d7 Rxd7 42. Rxd7 Qb2+ 43. Kh3 Qxa2 44. Rxb7 a5 45. Ra7 Qa1 46.
Qc4+ Kh8 47. Ra8 Qf6 48. Qd5 Qa1 1-0

[Event "Capablanca mem Premier I"]
[Site "La Habana CUB"]
[Date "2005.05.09"]
[Round "4.3"]
[White "Perez, Rodney"]
[Black "Kallio, Heikki"]
[Result "0-1"]
[WhiteElo "2437"]
[BlackElo "2469"]
[PlyCount "80"]
[EventDate "2005.05.06"]
[EventType "tourn"]
[EventRounds "1"]
[EventCountry "CUB"]
[EventCategory "8"]
[Source "lmi"]
[SourceDate "2005.05.22"]

1. e4 Nf6 2. e5 Nd5 3. d4 d6 4. Nf3 Bg4 5. Be2 e6 6. O-O Be7 7. h3 Bh5 8. c4
Nb6 9. Nc3 O-O 10. Be3 a5 11. Nd2 Bxe2 12. Qxe2 dxe5 13. dxe5 N6d7 14. f4 Bb4
15. Nde4 Qe7 16. Rad1 Bxc3 17. Nxc3 f6 18. exf6 Nxf6 19. Bd4 Nc6 20. Rfe1 Rae8
21. Bf2 Kh8 22. Nb5 Qf7 23. Bc5 Rg8 24. Nd4 Nh5 25. Nxc6 bxc6 26. Qe5 a4 27. g4
Nf6 28. Bb4 Qg6 29. Rd2 h6 30. Qxc7 c5 31. Ba3 e5 32. f5 Qg5 33. Rde2 Nxg4 34.
Rg2 Qh4 35. Re4 Qxh3 36. Rexg4 Rd8 37. Qa5 Rd1+ 38. Kf2 Rgd8 39. Ke2 Qd3+ 40.
Kf2 Rf1# 0-1

[Event "Capablanca mem Premier I"]
[Site "La Habana CUB"]
[Date "2005.05.09"]
[Round "4.4"]
[White "De la Paz, Frank"]
[Black "Zambrana, Oswaldo"]
[Result "1-0"]
[WhiteElo "2461"]
[BlackElo "2472"]
[PlyCount "63"]
[EventDate "2005.05.06"]
[EventType "tourn"]
[EventRounds "1"]
[EventCountry "CUB"]
[EventCategory "8"]
[Source "lmi"]
[SourceDate "2005.05.22"]

1. e4 c5 2. Nf3 Nc6 3. Bb5 g6 4. O-O Bg7 5. c3 Nf6 6. Qa4 O-O 7. d4 cxd4 8.
cxd4 a6 9. Re1 Ra7 10. Bf1 d5 11. e5 Ne4 12. h3 h6 13. Be3 Be6 14. Nbd2 b5 15.
Qd1 Rb7 16. Bd3 Bf5 17. Nb3 Na5 18. Nxa5 Qxa5 19. Nd2 Nxd2 20. Bxd2 Qb6 21.
Bxf5 gxf5 22. Qh5 Qxd4 23. Bxh6 Bxh6 24. Qxh6 Rb6 25. Qg5+ Rg6 26. Qxe7 Qxb2
27. Qd7 Re6 28. Qxd5 Rfe8 29. Rab1 Qc2 30. Rbc1 Qa4 31. Re3 Qf4 32. Rc7 1-0

[Event "Capablanca mem Premier I"]
[Site "La Habana CUB"]
[Date "2005.05.09"]
[Round "4.6"]
[White "Flores, Diego"]
[Black "Fernandez Romero, Ernesto"]
[Result "1/2-1/2"]
[WhiteElo "2491"]
[BlackElo "2449"]
[PlyCount "62"]
[EventDate "2005.05.06"]
[EventType "tourn"]
[EventRounds "1"]
[EventCountry "CUB"]
[EventCategory "8"]
[Source "lmi"]
[SourceDate "2005.05.22"]

1. Nf3 Nf6 2. g3 d5 3. Bg2 c6 4. O-O Bg4 5. d3 Nbd7 6. Qe1 e5 7. e4 dxe4 8.
dxe4 Bc5 9. Nbd2 O-O 10. h3 Bh5 11. Nc4 Re8 12. a4 a5 13. Bd2 b6 14. Bc3 Bxf3
15. Bxf3 Qe7 16. Kg2 Bd4 17. Bd2 Qc5 18. Qe2 b5 19. axb5 cxb5 20. Nxa5 Qxc2 21.
Ra2 Nc5 22. Rc1 Qd3 23. Bb4 Qxe2 24. Bxe2 Nb3 25. Nxb3 Rxa2 26. Nxd4 exd4 27.
Bxb5 Rb8 28. Bd6 Rd8 29. Be7 Rb8 30. Bd6 Rd8 31. Be7 Rb8 1/2-1/2

[Event "Capablanca mem Premier I"]
[Site "La Habana CUB"]
[Date "2005.05.09"]
[Round "4.7"]
[White "Ortega, Mariano"]
[Black "Gonzalez, Yuri"]
[Result "1/2-1/2"]
[WhiteElo "2411"]
[BlackElo "2482"]
[PlyCount "92"]
[EventDate "2005.05.06"]
[EventType "tourn"]
[EventRounds "1"]
[EventCountry "CUB"]
[EventCategory "8"]
[Source "lmi"]
[SourceDate "2005.05.22"]

1. d4 Nf6 2. Nf3 e6 3. g3 c5 4. c4 cxd4 5. Nxd4 Nc6 6. Bg2 Bb4+ 7. Nc3 Qa5 8.
O-O O-O 9. Nb3 Qd8 10. e4 a6 11. Qe2 Qc7 12. Be3 Bxc3 13. bxc3 b6 14. c5 b5 15.
Rfd1 Bb7 16. Bf4 e5 17. Bg5 Ne8 18. Bh3 Bc8 19. Qd3 f6 20. Be3 Rf7 21. Bf1 Rb8
22. Qc2 a5 23. a4 Ba6 24. axb5 Bxb5 25. c4 Ba6 26. Qc3 Bb7 27. Bg2 Ra8 28. Ra4
g6 29. Rda1 Ng7 30. Nxa5 Nxa5 31. Rxa5 Rxa5 32. Qxa5 Qxa5 33. Rxa5 Ne6 34. f3
Rf8 35. Bh3 Kf7 36. Kf2 Bc6 37. Bf1 Rb8 38. Ra2 Rb3 39. h4 f5 40. Rd2 f4 41.
gxf4 exf4 42. Bd4 Nxd4 43. Rxd4 Rb2+ 44. Kg1 Rb1 45. Kf2 Rb2+ 46. Kg1 Rb1
1/2-1/2

[Event "Capablanca mem Premier I"]
[Site "La Habana CUB"]
[Date "2005.05.10"]
[Round "5.2"]
[White "Fernandez Romero, Ernesto"]
[Black "Ortega, Mariano"]
[Result "1/2-1/2"]
[WhiteElo "2449"]
[BlackElo "2411"]
[PlyCount "41"]
[EventDate "2005.05.06"]
[EventType "tourn"]
[EventRounds "1"]
[EventCountry "CUB"]
[EventCategory "8"]
[Source "lmi"]
[SourceDate "2005.05.22"]

1. e4 c5 2. Ne2 d6 3. g3 Nc6 4. Bg2 g6 5. O-O Bg7 6. c3 e5 7. Na3 Nge7 8. Nc2
d5 9. exd5 Nxd5 10. d4 cxd4 11. cxd4 exd4 12. Nexd4 Nxd4 13. Nxd4 O-O 14. Re1
Qb6 15. Bxd5 Bxd4 16. Be3 Bxe3 17. Rxe3 Qxb2 18. Rb1 Qf6 19. Bxb7 Rb8 20. Bxc8
Rxb1 21. Qxb1 1/2-1/2

[Event "Capablanca mem Premier I"]
[Site "La Habana CUB"]
[Date "2005.05.10"]
[Round "5.3"]
[White "Garcia Martinez, Silvino"]
[Black "Flores, Diego"]
[Result "0-1"]
[WhiteElo "2351"]
[BlackElo "2491"]
[PlyCount "72"]
[EventDate "2005.05.06"]
[EventType "tourn"]
[EventRounds "1"]
[EventCountry "CUB"]
[EventCategory "8"]
[Source "lmi"]
[SourceDate "2005.05.22"]

1. e4 c5 2. Nf3 e6 3. d4 cxd4 4. Nxd4 Qb6 5. Nb3 Qc7 6. Nc3 a6 7. Bd3 Nf6 8.
Qe2 d6 9. f4 Be7 10. O-O Nbd7 11. Bd2 b5 12. Rae1 b4 13. Nd1 Bb7 14. Nf2 a5 15.
c4 e5 16. Be3 a4 17. Nd2 Nc5 18. Bb1 Qa5 19. Kh1 O-O 20. f5 Bd8 21. g4 g6 22.
Bh6 Bb6 23. Bxf8 Rxf8 24. Nf3 Kg7 25. h3 Qa7 26. Kh2 Ncd7 27. Nh1 gxf5 28. gxf5
Rg8 29. Ng3 Kh8 30. Qd2 Bc5 31. Re2 Qb6 32. Qh6 d5 33. Qh4 Be3 34. exd5 Bf4 35.
Rg1 Qc7 36. Nd2 Bg5 0-1

[Event "Capablanca mem Premier I"]
[Site "La Habana CUB"]
[Date "2005.05.10"]
[Round "5.5"]
[White "Kallio, Heikki"]
[Black "De la Paz, Frank"]
[Result "1-0"]
[WhiteElo "2469"]
[BlackElo "2461"]
[PlyCount "39"]
[EventDate "2005.05.06"]
[EventType "tourn"]
[EventRounds "1"]
[EventCountry "CUB"]
[EventCategory "8"]
[Source "lmi"]
[SourceDate "2005.05.22"]

1. d4 Nf6 2. c4 g6 3. Nc3 Bg7 4. Nf3 O-O 5. Bg5 c5 6. d5 h6 7. Bh4 b5 8. Nd2 b4
9. Na4 d6 10. a3 Qa5 11. e3 Bd7 12. axb4 Qxb4 13. Bd3 Bxa4 14. Qxa4 Qxb2 15.
Rb1 Qc3 16. Ke2 Nbd7 17. f4 Nb6 18. Qa2 g5 19. fxg5 Ng4 20. Ne4 1-0

[Event "Capablanca mem Premier I"]
[Site "La Habana CUB"]
[Date "2005.05.10"]
[Round "5.6"]
[White "Abreu, Aryam"]
[Black "Perez, Rodney"]
[Result "0-1"]
[WhiteElo "2440"]
[BlackElo "2437"]
[PlyCount "98"]
[EventDate "2005.05.06"]
[EventType "tourn"]
[EventRounds "1"]
[EventCountry "CUB"]
[EventCategory "8"]
[Source "lmi"]
[SourceDate "2005.05.22"]

1. e4 e6 2. d4 d5 3. Nc3 dxe4 4. Nxe4 Nd7 5. g4 e5 6. Nf3 Ngf6 7. Qe2 Qe7 8.
Nxf6+ gxf6 9. g5 e4 10. gxf6 Nxf6 11. Ne5 Rg8 12. Qc4 a6 13. Bd2 Be6 14. Qa4+
Nd7 15. O-O-O f6 16. d5 Bxd5 17. Nxd7 Qxd7 18. Qxd7+ Kxd7 19. Be3 Kc6 20. Bh3
Rg7 21. Rd2 Re8 22. Rhd1 Be6 23. Bxe6 Rxe6 24. Rd4 Bd6 25. h3 Rg2 26. Rd5 Re5
27. c4 Rxd5 28. Rxd5 Be5 29. b4 Rh2 30. a4 b6 31. a5 bxa5 32. Rxa5 Kb7 33. b5
axb5 34. cxb5 Rxh3 35. Kc2 h5 36. Ra7+ Kb8 37. Ra6 Rf3 38. b6 h4 39. bxc7+ Kxc7
40. Ra4 f5 41. Ra5 Kd6 42. Ra6+ Kd5 43. Ra5+ Ke6 44. Ra6+ Kf7 45. Ra7+ Kg6 46.
Ra5 h3 47. Rxe5 Rxe3 48. fxe3 h2 49. Re6+ Kg5 0-1

[Event "Capablanca mem Premier I"]
[Site "La Habana CUB"]
[Date "2005.05.10"]
[Round "5.7"]
[White "Soppe, Guillermo"]
[Black "Mosquera, Miguel"]
[Result "1/2-1/2"]
[WhiteElo "2453"]
[BlackElo "2434"]
[PlyCount "27"]
[EventDate "2005.05.06"]
[EventType "tourn"]
[EventRounds "1"]
[EventCountry "CUB"]
[EventCategory "8"]
[Source "lmi"]
[SourceDate "2005.05.22"]

1. d4 d5 2. Bf4 Nf6 3. e3 Bf5 4. Nf3 e6 5. Ne5 Nbd7 6. Nd2 Nxe5 7. Bxe5 Nd7 8.
Bg3 c6 9. Be2 Be7 10. O-O O-O 11. c4 Re8 12. a3 Bh4 13. Bf4 Bg5 14. Bg3 1/2-1/2

[Event "Capablanca mem Premier I"]
[Site "La Habana CUB"]
[Date "2005.05.11"]
[Round "6.2"]
[White "Perez, Rodney"]
[Black "Soppe, Guillermo"]
[Result "1-0"]
[WhiteElo "2437"]
[BlackElo "2453"]
[PlyCount "99"]
[EventDate "2005.05.06"]
[EventType "tourn"]
[EventRounds "1"]
[EventCountry "CUB"]
[EventCategory "8"]
[Source "lmi"]
[SourceDate "2005.05.22"]

1. e4 Nf6 2. Nc3 d5 3. e5 Ne4 4. Nce2 d4 5. c3 Nc6 6. Nf3 dxc3 7. Nxc3 Bf5 8.
Bb5 Nxc3 9. bxc3 Bd3 10. Qb3 Bxb5 11. Qxb5 Rb8 12. e6 fxe6 13. O-O Qd5 14. Qe2
g5 15. c4 Qf5 16. Bb2 Rg8 17. Rab1 Bg7 18. Bxg7 Rxg7 19. Rb5 Qf6 20. Qe4 Qf4
21. Qxe6 Qf6 22. Qg4 Qf4 23. Qh5+ Qf7 24. Qxf7+ Rxf7 25. Rxg5 Rd8 26. Re1 Rf4
27. Rg8+ Kd7 28. Rxd8+ Kxd8 29. d3 Rf5 30. a3 Ra5 31. Ra1 a6 32. Kf1 b5 33.
cxb5 axb5 34. Rc1 Kd7 35. Rc3 Ra4 36. Rb3 Na7 37. Ke2 c5 38. Nd2 Nc6 39. Nf3 b4
40. axb4 Ra2+ 41. Ke3 cxb4 42. g4 Kd6 43. h4 Kc5 44. g5 Ra1 45. Rb2 Rh1 46. Kf4
Nd4 47. Nxd4 Kxd4 48. Rxb4+ Kxd3 49. Kf5 Ke2 50. Rf4 1-0

[Event "Capablanca mem Premier I"]
[Site "La Habana CUB"]
[Date "2005.05.11"]
[Round "6.3"]
[White "De la Paz, Frank"]
[Black "Abreu, Aryam"]
[Result "0-1"]
[WhiteElo "2461"]
[BlackElo "2440"]
[PlyCount "86"]
[EventDate "2005.05.06"]
[EventType "tourn"]
[EventRounds "1"]
[EventCountry "CUB"]
[EventCategory "8"]
[Source "lmi"]
[SourceDate "2005.05.22"]

1. e4 c5 2. Nf3 d6 3. d4 cxd4 4. Nxd4 Nf6 5. Nc3 a6 6. Be3 e5 7. Nb3 Be6 8. f3
h5 9. Nd5 Bxd5 10. exd5 Nbd7 11. Qd2 a5 12. a4 g6 13. O-O-O Bg7 14. h3 Qc7 15.
Kb1 h4 16. Bb5 Kf8 17. Qf2 Rh5 18. c4 b6 19. Rhe1 Kg8 20. f4 Ne4 21. Bxb6 Nc3+
22. bxc3 Nxb6 23. c5 Nc8 24. c4 Rf5 25. Re4 dxc5 26. Qxc5 Qxc5 27. Nxc5 Nd6 28.
Re2 Rxf4 29. Nd3 Nxb5 30. Rc1 Na3+ 31. Ka2 Rd4 32. Nb2 Nxc4 33. Rxc4 Rxd5 34.
Rxh4 Rad8 35. Kb3 f5 36. Rc4 e4 37. Rcc2 Rb8+ 38. Ka2 Bxb2 39. Rxb2 Rxb2+ 40.
Rxb2 Rd4 41. Ka3 Rd3+ 42. Ka2 e3 43. Rb5 Rd4 0-1

[Event "Capablanca mem Premier I"]
[Site "La Habana CUB"]
[Date "2005.05.11"]
[Round "6.4"]
[White "Vera, Reynaldo"]
[Black "Kallio, Heikki"]
[Result "0-1"]
[WhiteElo "2507"]
[BlackElo "2469"]
[PlyCount "64"]
[EventDate "2005.05.06"]
[EventType "tourn"]
[EventRounds "1"]
[EventCountry "CUB"]
[EventCategory "8"]
[Source "lmi"]
[SourceDate "2005.05.22"]

1. d4 Nf6 2. c4 e6 3. Nc3 Bb4 4. Qc2 O-O 5. e4 d5 6. e5 Ne4 7. a3 Bxc3+ 8. bxc3
c5 9. Bd3 Nc6 10. Ne2 cxd4 11. cxd4 Qa5+ 12. Kf1 f5 13. f3 Nb4 14. axb4 Qxa1
15. Qb1 Qa4 16. Bc2 Qc6 17. c5 b6 18. fxe4 fxe4+ 19. Ke1 bxc5 20. bxc5 Ba6 21.
Nc3 Bc4 22. Qa1 Qe8 23. Be3 Qg6 24. Rg1 Rf7 25. Qa4 Bd3 26. Bxd3 exd3 27. Qb5
Rff8 28. c6 Rab8 29. Qc5 Qf7 30. Kd1 Rb2 31. Kc1 Rc2+ 32. Kb1 Qf1+ 0-1

[Event "Capablanca mem Premier I"]
[Site "La Habana CUB"]
[Date "2005.05.11"]
[Round "6.5"]
[White "Flores, Diego"]
[Black "Zambrana, Oswaldo"]
[Result "1/2-1/2"]
[WhiteElo "2491"]
[BlackElo "2472"]
[PlyCount "58"]
[EventDate "2005.05.06"]
[EventType "tourn"]
[EventRounds "1"]
[EventCountry "CUB"]
[EventCategory "8"]
[Source "lmi"]
[SourceDate "2005.05.22"]

1. Nf3 Nf6 2. c4 e6 3. Nc3 d5 4. e3 Be7 5. b3 O-O 6. Bb2 b6 7. Rc1 c5 8. cxd5
exd5 9. d4 Bb7 10. Bd3 Nbd7 11. O-O Re8 12. Qe2 a6 13. Rfd1 Bf8 14. Bf5 cxd4
15. Rxd4 g6 16. Bxd7 Qxd7 17. Na4 Qd6 18. Rdd1 Bg7 19. Bd4 Nd7 20. Bxg7 Kxg7
21. Rd4 Rac8 22. Qb2 Rxc1+ 23. Qxc1 Rc8 24. Qb2 Qf6 25. h3 Nc5 26. Nc3 Ne6 27.
Rd3 Nc5 28. Rd4 Ne6 29. Rd3 Nc5 1/2-1/2

[Event "Capablanca mem Premier I"]
[Site "La Habana CUB"]
[Date "2005.05.11"]
[Round "6.7"]
[White "Gonzalez, Yuri"]
[Black "Fernandez Romero, Ernesto"]
[Result "1-0"]
[WhiteElo "2482"]
[BlackElo "2449"]
[PlyCount "91"]
[EventDate "2005.05.06"]
[EventType "tourn"]
[EventRounds "1"]
[EventCountry "CUB"]
[EventCategory "8"]
[Source "lmi"]
[SourceDate "2005.05.22"]

1. e4 c5 2. Nf3 Nf6 3. e5 Nd5 4. Nc3 Nxc3 5. dxc3 e6 6. Bf4 b6 7. Bd3 h6 8. Qe2
Bb7 9. O-O-O Nc6 10. Ba6 Qc7 11. Bxb7 Qxb7 12. h4 O-O-O 13. h5 Qc7 14. Qd2 Na5
15. Qd3 Nb7 16. c4 Be7 17. Qe4 Qc6 18. Qxc6+ dxc6 19. Rxd8+ Rxd8 20. Rd1 b5 21.
b3 Rg8 22. Rd3 g5 23. Bd2 g4 24. Nh2 Bg5 25. Rg3 Bxd2+ 26. Kxd2 Rg5 27. Nxg4
Rxh5 28. Rh3 Rf5 29. Rxh6 Rf4 30. f3 bxc4 31. Rf6 Rd4+ 32. Kc3 cxb3 33. axb3
Rd7 34. Nh6 Nd8 35. g4 Kc7 36. f4 Kb6 37. f5 exf5 38. gxf5 a5 39. Ng4 Kb5 40.
Ne3 a4 41. Nc4 axb3 42. cxb3 Re7 43. Rd6 Nb7 44. f6 Rc7 45. e6 fxe6 46. Rxe6
1-0

[Event "Capablanca mem Premier I"]
[Site "La Habana CUB"]
[Date "2005.05.12"]
[Round "7.1"]
[White "Fernandez Romero, Ernesto"]
[Black "Perez, Luis Manuel"]
[Result "0-1"]
[WhiteElo "2449"]
[BlackElo "2420"]
[PlyCount "88"]
[EventDate "2005.05.06"]
[EventType "tourn"]
[EventRounds "1"]
[EventCountry "CUB"]
[EventCategory "8"]
[Source "lmi"]
[SourceDate "2005.05.22"]

1. e4 d6 2. d4 Nf6 3. Nc3 g6 4. f4 Bg7 5. Nf3 c5 6. Bb5+ Bd7 7. e5 Ng4 8. Bxd7+
Qxd7 9. d5 dxe5 10. h3 e4 11. Nxe4 Nf6 12. Nxf6+ Bxf6 13. O-O O-O 14. Be3 Bxb2
15. Rb1 Bg7 16. c4 b6 17. Qe1 e6 18. Qh4 Qd8 19. dxe6 Qxh4 20. exf7+ Rxf7 21.
Nxh4 Nc6 22. Nf3 Re8 23. Bd2 Rd7 24. Rfe1 Red8 25. Be3 Rd3 26. Bf2 Rc3 27. Rec1
Rxc1+ 28. Rxc1 Bf6 29. Be1 Bd4+ 30. Bf2 Bf6 31. Be1 Rd3 32. Kf1 Kf7 33. Ke2 Ra3
34. Rc2 h5 35. Bd2 Ke6 36. Kf2 Kf5 37. Bc1 Nb4 38. Bxa3 Nxc2 39. Bc1 Nb4 40.
Bd2 Nxa2 41. Ke3 Nb4 42. Nh2 h4 43. Ng4 Bg7 44. Kf3 Nc2 0-1

[Event "Capablanca mem Premier I"]
[Site "La Habana CUB"]
[Date "2005.05.12"]
[Round "7.3"]
[White "Zambrana, Oswaldo"]
[Black "Ortega, Mariano"]
[Result "1/2-1/2"]
[WhiteElo "2472"]
[BlackElo "2411"]
[PlyCount "58"]
[EventDate "2005.05.06"]
[EventType "tourn"]
[EventRounds "1"]
[EventCountry "CUB"]
[EventCategory "8"]
[Source "lmi"]
[SourceDate "2005.05.22"]

1. e4 c5 2. Nf3 d6 3. d4 cxd4 4. Nxd4 Nf6 5. Nc3 a6 6. Bg5 e6 7. Qe2 Nbd7 8. f4
Qc7 9. O-O-O Be7 10. Nf3 h6 11. Bh4 Nb6 12. Qe1 d5 13. e5 Ng8 14. Ne2 Bd7 15.
Ned4 Na4 16. Bd3 O-O-O 17. Bf2 Bc5 18. Nb3 Bxf2 19. Qxf2 Ne7 20. Kb1 Kb8 21. g4
Rc8 22. Qh4 Nc6 23. Rc1 Rhe8 24. Rhe1 Na5 25. Nxa5 Qxa5 26. Qf2 Nxb2 27. Kxb2
Qc3+ 28. Kb1 Qb4+ 29. Ka1 Qc3+ 1/2-1/2